000 00617nam a2200229Ia 4500
003 OSt
005 20220926040521.0
006 a|||||r|||| 00| 0
007 ta
008 220923b |||||||| |||| 00| 0 eng d
037 _cGeneral Book
040 _aRTL
_cRTL
_beng
041 _2eng
_aeng
082 _aX:272p2,N63, K4
100 _aLakdawala D T
_9128791
245 0 _aProductivity in export industries
260 _c1964
300 _a88p
_ccm.
490 _aIndian Economic Conference (Bombay), 1963
942 _hX:272p2,N63, K4
_cGB
_2CC
999 _c665022
_d665022